Why are we waiting? (Record no. 76002)

MARC details
000 -LEADER
fixed length control field 01200cab a2200193 4500
001 - CONTROL NUMBER
control field ##L131262
008 - FIXED-LENGTH DATA ELEMENTS--GENERAL INFORMATION
fixed length control field 051013n2005 000 0 eng u
035 ## - SYSTEM CONTROL NUMBER
System control number (Sirsi) u131262
041 0# - LANGUAGE CODE
Language code of text/sound track or separate title eng
100 1# - MAIN ENTRY--PERSONAL NAME
Personal name Sweet, Rod
245 00 - TITLE STATEMENT
Title Why are we waiting?
260 ## - PUBLICATION, DISTRIBUTION, ETC.
Date of publication, distribution, etc. 2005
490 ## - SERIES STATEMENT
Series statement Construction Manager
Volume/sequential designation October 2005, 18-19(2)
520 ## - SUMMARY, ETC.
Summary, etc. A report by the Strategic Forum claims that bad logistics costs the construction industry £3 billion each year. This article examines the main barriers to improving logistics, and makes recommendations to improve matters. These include the preparation of a Logistics Plan at the commencement of a project, the drawing-up of a process map by designers, and manufacturers making the costs of transporting materials and components transparent. It also suggests that logistics CPD modules be taught in universities and colleges. The report estimates that savings of up to 30% could be realised if logistics were improved. The article also reports on a consolidation centre trial being used for building projects in the City of London.
590 ## - LOCAL NOTE (RLIN)
Local note IKA251005
650 24 - SUBJECT ADDED ENTRY--TOPICAL TERM
Topical term or geographic name entry element STRATEGIC FORUM
690 ## - LOCAL SUBJECT ADDED ENTRY--TOPICAL TERM (OCLC, RLIN)
Topical term or geographic name as entry element BUILT ENVIRONMENT-BUILDING COSTS
942 ## - ADDED ENTRY ELEMENTS (KOHA)
Suppress in OPAC 0
Holdings
Withdrawn status Lost status Source of classification or shelving scheme Damaged status Not for loan Home library Current library Shelving location Date acquired Total Checkouts Full call number Barcode Date last seen Copy number Price effective from Koha item type
    Dewey Decimal Classification     London London Journal article 13/10/2005   L131262 131262-1001 06/08/2019 1 06/08/2019 Journal article